Statistics for Obfuscations of Popular Cliches #1

Click here to take the quiz!

General Stats

  • This quiz has been taken 40,629 times
  • The average score is 8 of 14

Answer Stats

ObfuscationSaying% Correct
Precipitation composed of canine and feline organismsRaining cats and dogs
98%
Place your monetary possessions in the same locality as your oral cavityPut your money
where your mouth is
84%
Pulchritude is dependent on the ocular organ of that who appraises itBeauty is in the eye
of the beholder
72%
Discharging firearms upon ichthyoid creatures in a cylindrical containerShooting fish in a barrel
63%
Amorous emotions are incapable of perceiving electromagnetic radiation
in the visible spectrum
Love is blind
60%
A tertiary attempt will yield a propitious outcomeThird time's a charm
58%
Lucre causes the rotation of the celestial body upon which we resideMoney makes the
world go round
57%
Simian's parent's male siblingMonkey's uncle
55%
Wallop an equid whose biological functions have permanently ceasedBeat a dead horse
47%
Transport cured porcine abdomen to one's domicileBring home the bacon
43%
The portion of an ocean-bound unit of solid dihydrogen monoxide that is not submergedTip of the iceberg
41%
Don't allow even a solitary small mineral aggregate to remain in a non-inverted positionLeave no stone unturned
39%
Desiccated as a piece of mineralized osseous tissueDry as a bone
30%
The set of all possible outcomes does not include a midday repast
devoid of monetary remuneration
There's no such thing
as a free lunch
29%

Score Distribution

Percentile by Number Answered

Percent of People with Each Score

Your Score History

You have not taken this quiz